| 000 | 00689cam a2200145ua 4500 | ||
|---|---|---|---|
| 041 |
_aeng _h |
||
| 082 |
_a621.878 _bIND/GL |
||
| 110 | 1 |
_aIndian Standards Institution . _b _c() |
|
| 245 | _aGlossary of terms and classification of earth-moving machines Part 3 motor and toner scrapers IS; 4988 (Part III)-1968 | ||
| 260 |
_aNew Delhi : _bIndian Standards Institution , _c1968. |
||
| 300 |
_a9 : _b506 ; . |
||
| 504 | _a | ||
| 942 | _cBK | ||
| 999 |
_c10560 _d10560 |
||